|
|
|
|
| LEADER |
00000cam a2200000 7i4500 |
| 001 |
0000001062 |
| 002 |
000001175 |
| 005 |
20000330.0 |
| 020 |
|
|
|a 0861635388
|
| 090 |
0 |
0 |
|a JF
|b BLY
|
| 100 |
1 |
|
|a Blyton, Enid
|
| 245 |
1 |
4 |
|a The secret of moon castle
|c Enid Blyton ; illustrated by Dudley Wynne
|
| 260 |
|
|
|a London :
|b Award Publications ,
|c 1992
|
| 300 |
|
|
|a 166p. :
|b ill. ;
|c 19cm.
|
| 650 |
0 |
0 |
|a Adventure stories
|
| 700 |
1 |
|
|a Wynne, Dudley ,
|e illustrated
|
| 999 |
|
|
|a 031279
|b BUKU
|c PINJAMAN
|e PERPUSTAKAAN KOMUNITI PETALING JAYA
|
| 999 |
|
|
|a 031280
|b BUKU
|c PINJAMAN
|e PERPUSTAKAAN KOMUNITI PETALING JAYA
|
| 999 |
|
|
|a 045074
|b BUKU
|c PINJAMAN
|e PERPUSTAKAAN KOMUNITI PETALING JAYA
|
| 999 |
|
|
|a 045075
|b BUKU
|c PINJAMAN
|e PERPUSTAKAAN KOMUNITI PETALING JAYA
|
| 999 |
|
|
|a 045076
|b BUKU
|c PINJAMAN
|e PERPUSTAKAAN KOMUNITI PETALING JAYA
|